Religion by Picture - Statistics

General Stats
  • This quiz has been taken 79 times
    64 since last reset
  • The average score is 7 of 12
Answer Stats
Picture Answer % Correct
Christianity
98%
Judaism
95%
Buddhism
93%
Hinduism
89%
Islam
81%
Sikhism
67%
Shinto
63%
Taoism
47%
Confucianism
42%
Baha'i Faith
32%
Zoroastrianism
19%
Jainism
12%
No matching quizzes found
Score Distribution
Percent of People with Each Score
Percentile by Number Answered
Your Score History
You have not taken this quiz since the last reset